Statistics for Musical Genres Quiz

Click here to take the quiz!

General Stats

  • This quiz has been taken 48,974 times
    (12,478 since last reset)
  • The average score is 15 of 24

Answer Stats

Musical ActsGenre% Correct
The Rolling Stones | The WhoRock
99%
Michael Jackson | MadonnaPop
98%
2Pac | Jay-ZRap
96%
Miles Davis | Louis ArmstrongJazz
94%
Iron Maiden | Black SabbathHeavy Metal
91%
Ludwig van Beethoven | W.A. MozartClassical
90%
Garth Brooks | Dolly PartonCountry
87%
Bob Marley | Jimmy CliffReggae
85%
Aretha Franklin | Al GreenSoul
79%
The Clash | The RamonesPunk
75%
B.B. King | Muddy WatersBlues
74%
Bee Gees | Village PeopleDisco
73%
Nirvana | Pearl JamGrunge
72%
D'Angelo | Luther VandrossR&B
56%
Woody Guthrie | Joan BaezFolk
53%
David Guetta | Calvin HarrisHouse
52%
Parliament | Sly and the Family StoneFunk
48%
Big Bad Voodoo Daddy | Glenn MillerSwing
29%
Scott Joplin | Jelly Roll MortonRagtime
29%
Alison Krauss | Ricky SkaggsBluegrass
24%
Exo | Girls' GenerationK-Pop
24%
Yanni | EnyaNew Age
21%
João Gilberto | Sérgio MendesBossa Nova
18%
Fela Kuti | AntibalasAfrobeat
9%

Score Distribution

Percentile by Number Answered

Percent of People with Each Score

Your Score History

You have not taken this quiz since the last reset